000 01052nam a2200265Ia 4500
003 OSt
005 20221005110440.0
006 a|||||r|||| 00| 0
007 ta
008 221004b |||||||| |||| 00| 0 hin d
020 _a8179170152 (hbk)
_c350
024 _a97509
037 _b1923, 09/03/2009, Pioneer Books Distributors
_cTextual
040 _aCRL
_cCRL
_bhin
041 _2hin
_ahin
082 _aV2:51xM89, 152P2
100 _aसहजांनद सरस्वती
245 0 _aक्रांति और संयुक्त मोर्चा
246 _aKrāanti aur sanyukta morchā
260 _aनई दिल्ली
_bग्रंथ शिल्पी भारत
_c2002
300 _a247पृ0
_ccm.
700 _a प्रधान, अवधेश, संपा.
942 _hV2:51xM89, 152P2
_cTEXL
_2cc
999 _c1018856
_d1018856